Courtesan of storms: (Record no. 18186)

MARC details
000 -LEADER
fixed length control field 00827nam a2200241 a 4500
005 - DATE AND TIME OF LATEST TRANSACTION
control field 20020626165708.0
008 - FIXED-LENGTH DATA ELEMENTS--GENERAL INFORMATION
fixed length control field 000825s2001 nyu | b 00| 1 eng
010 ## - LCCN (DPL NO)
LC control number ENG-91576
020 ## - INTERNATIONAL STANDARD BOOK NUMBER
International Standard Book Number 9788124114384
Terms of availability 250.00
035 ## - SYSTEM CONTROL NUMBER
System control number EN-75109
037 ## - SOURCE OF ACQUISITION
Source of stock number/acquisition DBAD / PUB
040 ## - CATALOGING SOURCE
Original cataloging agency dpl
Language of cataloging English
082 ## - DEWEY DECIMAL CLASSIFICATION NUMBER
Classification number N
100 ## - MAIN ENTRY--PERSONAL NAME
Personal name Subramanian, N.V.
245 ## - TITLE STATEMENT
Title Courtesan of storms:
Statement of responsibility, etc by N.V. Subramanian
Remainder of title a novel /
260 ## - PUBLICATION, DISTRIBUTION, ETC. (IMPRINT)
Place of publication, distribution, etc New Delhi
Name of publisher, distributor, etc Har-Anand Publications
Date of publication, distribution, etc 2008(repr.)
270 ## - ADDRESS
Address E-49/3, Okhla Industrial Area, Phase-II,
City New Delhi
Postal code 110020
300 ## - PHYSICAL DESCRIPTION
Extent 139p.
Dimensions 22cm (pbk)
650 ## - SUBJECT ADDED ENTRY--TOPICAL TERM
Topical term or geographic name as entry element English fiction
942 ## - ADDED ENTRY ELEMENTS (KOHA)
Source of classification or shelving scheme Dewey Decimal Classification
Item type English Books
Call number suffix SUB
Classification part N
Holdings
Withdrawn status Lost status Source of classification or shelving scheme Damaged status Not for loan Collection code Home library Current library Date acquired Source of acquisition Cost, normal purchase price Total Checkouts Full call number Barcode Date last seen Copy number Cost, replacement price Koha item type
    Dewey Decimal Classification   Not For Loan Fiction D.B.Act.Division D.B.Act.Division 07/11/2008 DBAD / PUB 250.00   N SUB EN-75109 07/11/2008 1 250.00 English Books

© Delhi Public Library
Hit Counter
free hit counter